Rāṅā dhulo. (Record no. 60888)

MARC details
000 -LEADER
fixed length control field 00601cam a22002171 4500
001 - CONTROL NUMBER
control field sa 64008482
003 - CONTROL NUMBER IDENTIFIER
control field DLC
005 - DATE AND TIME OF LATEST TRANSACTION
control field 20260227112054.0
008 - FIXED-LENGTH DATA ELEMENTS--GENERAL INFORMATION
fixed length control field 850617s1964 ii 000 1 benx
010 ## - LIBRARY OF CONGRESS CONTROL NUMBER
LC control number sa 64008482
025 ## - OVERSEAS ACQUISITION NUMBER
Overseas acquisition number PL480:I-B-1453
035 ## - SYSTEM CONTROL NUMBER
System control number (OCoLC)13888800
040 ## - CATALOGING SOURCE
Original cataloging agency DLC
Transcribing agency NN
Modifying agency DLC
050 00 - LIBRARY OF CONGRESS CALL NUMBER
Classification number PK1718.S477
Item number R3
100 1# - MAIN ENTRY--PERSONAL NAME
Personal name Senagupta, Acintyakumāra,
Dates associated with a name 1903-1976.
245 10 - TITLE STATEMENT
Title Rāṅā dhulo.
Statement of responsibility, etc. [Lekhaka] Acintyakumāra Senagupta.
260 ## - PUBLICATION, DISTRIBUTION, ETC.
Place of publication, distribution, etc. Kalikātā,
Name of publisher, distributor, etc. Ema. Si. Sarakāra
Date of publication, distribution, etc. [1964]
300 ## - PHYSICAL DESCRIPTION
Extent 170 p.
Dimensions 22 cm.
500 ## - GENERAL NOTE
General note In Bengali.
500 ## - GENERAL NOTE
General note Short stories.

No items available.

Powered by Koha